Bandoleros, gamonales y campesinos el caso de la violencia en Colombia (Registro nro. 61066)
[ vista simple ]
| 000 -ENCABEZADO | |
|---|---|
| Número de control [NR] | 01080nam a2200265Ia 4500 |
| 008 - DE LONGITUD FIJA DE DATOS DE ELEMENTOS - INFORMACIÓN GENERAL | |
| Elementos de longitud fija [NR] | 130821s2006 ck ao gr spa |
| 020 ## - NUMERO INTERNACIONAL NORMALIZADO PARA LIBROS [R] | |
| Número Internacional Normalizado del libro [NR] | 9587044428 |
| 040 ## - FUENTE DE CATALOGACION [NR] | |
| Agencia de catalogación original [NR] | Co-BoUCM |
| Idioma de catalogación [NR] | spa |
| 041 00 - CODIGO DE IDIOMA [R] | |
| Código de idioma para texto/pista de sonido o título separado [R] | Español |
| 100 1# - ASIENTO PRINCIPAL--NOMBRE PERSONAL [NR] | |
| Nombre personal [NR] | Sánchez Gómez, Gonzalo |
| Fechas asociadas con el nombre [NR] | 1945- |
| 245 10 - MENCION DE TITULO [NR] | |
| Título [NR] | Bandoleros, gamonales y campesinos el caso de la violencia en Colombia |
| Mención de responsabilidad, etc. [NR] | Gonzalo Sánchez Gómez y Donny Meertens ; prólogo de Eric John Ernest Hobsbawn |
| 260 ## - PUBLICACION, DISTRIBUCION, ETC. (PIE DE IMPRENTA) [R] | |
| Lugar de publicación, distribución, etc. [R] | Bogotá (Colombia) |
| Nombre del editor, distribuidor, etc. [R] | El Áncora Editores |
| Fecha de publicación, distribución, etc. [R] | 2006 |
| 300 ## - DESCRIPCION FISICA [R] | |
| Extensión [R] | 367 páginas |
| Otros detalles físicos [NR] | ilustraciones, fotografías |
| 490 #0 - MENCION DE SERIE [R] | |
| Mención de serie [R] | Punto de Lectura. |
| -- | Narrativa Histórica |
| Designación numérica/secuencial del volumen [NR] | 95/1 |
| 504 ## - NOTA DE BIBLIOGRAFIA, ETC. [R] | |
| Nota de bibliografía, etc. [NR] | |
| 650 04 - ASIENTO SECUNDARIO DE MATERIA - TERMINO TEMATICO [R] | |
| Término temático o nombre geográfico como elemento de entrada [NR] | Historia de Colombia |
| 9 (RLIN) | 26508 |
| 650 04 - ASIENTO SECUNDARIO DE MATERIA - TERMINO TEMATICO [R] | |
| Término temático o nombre geográfico como elemento de entrada [NR] | Violencia |
| 9 (RLIN) | 422 |
| 650 04 - ASIENTO SECUNDARIO DE MATERIA - TERMINO TEMATICO [R] | |
| Término temático o nombre geográfico como elemento de entrada [NR] | Violencia |
| Subdivisión de forma [R] | Aspectos sociales |
| Subdivisión geográfica [R] | Colombia |
| Subdivisión cronológica [R] | 1940-1970 |
| 9 (RLIN) | 422 |
| 650 04 - ASIENTO SECUNDARIO DE MATERIA - TERMINO TEMATICO [R] | |
| Término temático o nombre geográfico como elemento de entrada [NR] | Violencia |
| Subdivisión general [R] | Historia |
| Subdivisión geográfica [R] | Colombia |
| Subdivisión cronológica [R] | 1940-1970 |
| 9 (RLIN) | 422 |
| 651 ## - ASIENTO SECUNDARIO DE MATERIA - NOMBRE GEOGRAFICO [R] | |
| Nombre geográfico [NR] | Colombia |
| Subdivisión general [R] | Historia |
| Subdivisión cronológica [R] | 1940-1970 |
| 9 (RLIN) | 26606 |
| 700 #1 - ASIENTO SECUNDARIO - NOMBRE PERSONAL [R] | |
| Nombre personal [NR] | Hobsbawm, Eric John Ernest |
| Fechas asociadas con el nombre [NR] | 1917- |
| Término de relación [R] | |
| 700 #1 - ASIENTO SECUNDARIO - NOMBRE PERSONAL [R] | |
| Nombre personal [NR] | Meertens, Donny |
| Fechas asociadas con el nombre [NR] | 1946- |
| 942 ## - ELEMENTOS DE ENTRADA AGREGADOS (KOHA) | |
| Tipo de ítem principal el descrito en 300a | Libro |
| Tema principal | Sociología |
| Edición | 1 |
| Parte restante de la signatura top. | S15bg |
| Sistema de clasificación | DEWEY |
| Clasificación | 303.62 |
| Fecha de último préstamo | Total préstamos | Total Renewals | Signatura topográfica | Código de barras | Última vez visto | Ejemplar | Price effective from | Tipo de ítem | Perdido | Sistema de clasificación | Dañado | No prestable | Tipo de ítem específico | Suprimido | Ubicación habitual | Ubicación actual | Localización | Fecha de creación | Forma de adquisición | Costo |
|---|---|---|---|---|---|---|---|---|---|---|---|---|---|---|---|---|---|---|---|---|
| 14/08/2023 | 30 | 15 | 303.62 S15bg | 100110218 | 09/12/2025 | Ej.4 | 03/02/2013 | Libro | DEWEY | Libro | Claustro | Claustro | 2do piso | 19/02/2013 | Compra | 50000.00 | ||||
| 29/01/2024 | 13 | 2 | 303.62 S15bg | 100098905 | 09/12/2025 | Ej.2 | 03/02/2013 | Libro | DEWEY | Libro | Claustro | Claustro | 2do piso | 19/02/2013 | Compra | 23900.00 | ||||
| 16/05/2019 | 22 | 7 | 303.62 S15bg | 100103967 | 09/12/2025 | Ej.3 | 03/02/2013 | Libro | DEWEY | Libro | Claustro | Claustro | 2do piso | 19/02/2013 | Donación | 26000.00 |